<?xml version="1.0" encoding="UTF-8"?>
<marc:record xmlns:marc="http://www.loc.gov/MARC21/slim">
   <marc:leader>00000nam a2200000 a 4500</marc:leader>
   <marc:datafield ind1="1" ind2=" " tag="100">
      <marc:subfield code="a">Pope Osborne, Mary</marc:subfield>
      <marc:subfield code="4">aut</marc:subfield>
      <marc:subfield code="e">Verfasser/-in</marc:subfield>
   </marc:datafield>
   <marc:datafield ind1="1" ind2=" " tag="100">
      <marc:subfield code="a">Theissen, Petra</marc:subfield>
   </marc:datafield>
   <marc:datafield ind1="1" ind2=" " tag="100">
      <marc:subfield code="a">Rahn, Sabine</marc:subfield>
   </marc:datafield>
   <marc:datafield ind1="0" ind2="0" tag="245">
      <marc:subfield code="a">Notfall auf der Schildkröteninsel</marc:subfield>
   </marc:datafield>
   <marc:datafield ind1="0" ind2="0" tag="245">
      <marc:subfield code="c">Pope Osborne, Mary</marc:subfield>
   </marc:datafield>
   <marc:datafield ind1=" " ind2="1" tag="264">
      <marc:subfield code="a">Bindlach</marc:subfield>
      <marc:subfield code="b">Loewe</marc:subfield>
      <marc:subfield code="c">2024</marc:subfield>
   </marc:datafield>
   <marc:datafield ind1="1" ind2=" " tag="490">
      <marc:subfield code="a">Das magische Baumhaus</marc:subfield>
      <marc:subfield code="v">62</marc:subfield>
   </marc:datafield>
   <marc:datafield ind1="1" ind2=" " tag="520">
      <marc:subfield code="a">Notfall auf der Schildkröteninsel &#xD;
Mit dem magischen Baumhaus reisen Anne und Philipp an einen außergewöhnlichen Ort: die Galapagosinseln. Sofort sind die beiden von den besonderen Pflanzen und Tieren fasziniert. Doch die Galapagos-Schildkröten schweben in großer Gefahr: Ein Vulkan ist ausgebrochen und die Lavaflüsse bedrohen ihren Lebensraum! Gemeinsam mit einigen Helfern begeben sich Anne und Philipp auf eine riskante Rettungsmission ... &#xD;
&#xD;
Komm mit auf die Reise im magischen Baumhaus! Rätselhafte Abenteuer in fremden Welten und längst vergangenen Zeiten erwarten dich auch in den anderen Bänden. &#xD;
&#xD;
Rette mit Anne und Philipp die Schildkröten auf den Galapagos-Inseln!&#xD;
Mit vielen Fakten über Riesenschildkröten&#xD;
Die beliebte Kinderbuch-Reihe von Bestsellerautorin Mary Pope Osborne.&#xD;
Die Geschwister Anne und Philipp reisen mit dem magischen Baumhaus durch die Zeit und erleben spannende Abenteuer. &#xD;
Entdecke mit Anne und Philipp ferne Länder und faszinierende Tiere und lerne berühmte Persönlichkeiten kennen.&#xD;
Für Kinder ab 8 Jahren.</marc:subfield>
   </marc:datafield>
   <marc:datafield ind1=" " ind2=" " tag="020">
      <marc:subfield code="a">9783743219717</marc:subfield>
      <marc:subfield code="9">9783743219717</marc:subfield>
   </marc:datafield>
   <marc:datafield ind1=" " ind2=" " tag="041">
      <marc:subfield code="a">ger</marc:subfield>
   </marc:datafield>
   <marc:datafield ind1=" " ind2=" " tag="300">
      <marc:subfield code="b">Illustrationen</marc:subfield>
   </marc:datafield>
   <marc:datafield ind1="0" ind2=" " tag="490">
      <marc:subfield code="v">62</marc:subfield>
   </marc:datafield>
   <marc:datafield ind1="1" ind2=" " tag="521">
      <marc:subfield code="a">Ab 8 Jahren</marc:subfield>
   </marc:datafield>
   <marc:datafield ind1=" " ind2=" " tag="338">
      <marc:subfield code="a">Band</marc:subfield>
   </marc:datafield>
   <marc:datafield ind1=" " ind2=" " tag="300">
      <marc:subfield code="a">108 Seiten</marc:subfield>
   </marc:datafield>
</marc:record>
